| 000 | 00595nam a2200217 a 4500 | ||
|---|---|---|---|
| 001 | 1476 | ||
| 003 | CO-ViMGA | ||
| 008 | 141112s2004 ck r 000 u spa d | ||
| 020 | _a0201518430 | ||
| 040 |
_aCO-ViMGA _bspa _cCO-ViMGA |
||
| 082 | 0 | 4 | _aMEVIECAR.6424 Q83v |
| 110 | _aQue corporation | ||
| 245 | 1 | 0 |
_a1 - 2 - 3 : _bversión 3 / _cQue corporation |
| 260 |
_aWilmington : _bAddison - Wesley, _c1990 |
||
| 300 | _a206 p | ||
| 490 | _aManuales de bolsillo, 51843 | ||
| 590 | _aDatos de inventario : 05709 | ||
| 650 | 1 | 4 | _aLENGUAJE DE PROGRAMACION |
| 650 | 1 | 4 | _aLOTUS |
| 942 |
_2ddc _cBK |
||
| 999 |
_c13665 _d13665 |
||